[Event "RUS-ch"]
[Site "Elista"]
[Date "1994.??.??"]
[Round "2"]
[White "Arkhipov, Sergey"]
[Black "Tiviakov, Sergei"]
[Result "1-0"]
[WhiteElo "2495"]
[BlackElo "2640"]
[Annotator "Hansen,Cu"]
[PlyCount "95"]
[EventDate "1994.09.??"]
[EventType "swiss"]
[EventRounds "11"]
[EventCountry "RUS"]
[SourceTitle "CBM 044"]
[Source "ChessBase"]
[SourceDate "1995.02.01"]
[SourceVersion "1"]
[SourceVersionDate "1995.02.01"]
[SourceQuality "1"]

1. e4 c5 2. Nf3 d6 3. Bb5+ Nc6 4. O-O Bd7 5. Re1 a6 (5... Nf6 6. c3 a6 7. Bxc6
Bxc6 8. d4 $44) 6. Bf1 (6. Bxc6 Bxc6 7. c4 Nf6 8. Nc3 g6 9. d4 cxd4 10. Nxd4
Bg7 11. Nxc6 bxc6 12. Qa4 Qd7 13. c5 $1 $14) 6... g6 (6... Bg4 7. h3 (7. b3 Nf6
8. Bb2 e6 9. c3 d5 10. e5 Nd7 11. d4 Be7 12. h3 Bh5 13. g4 Bg6 14. c4 dxc4 15.
d5 exd5 16. Qxd5 Nb6 17. Qxd8+ Rxd8 18. bxc4 O-O 19. Nc3 Na5 20. Nd5 Nxd5 21.
cxd5 Rxd5 {Schwab,Rene-Gyorkos,Lajos/Oberwart open 1991/1-0 (70)}) 7... Bh5 (
7... Bxf3 8. Qxf3 g6 $10) 8. c3 e6 9. g4 Bg6 10. d4 Be7 (10... h5 11. g5 Be7
12. Bg2 h4 13. d5 Ne5 14. dxe6 Nxf3+ {+/- Taulbut,Sh-Csom,I/Hastings 27/(403)
1978}) 11. Bf4 Nf6 12. d5 exd5 13. exd5 Na7 14. Nh4 O-O 15. Nxg6 hxg6 16. Bg2
Nd7 17. Nd2 Nc8 18. a4 f5 19. gxf5 gxf5 20. Qh5 Rf7 21. Nf3 Nf8 22. Bg5 g6 23.
Qh4 Bxg5 24. Qxg5 Nb6 25. Qxd8 Rxd8 {Kuczynski,R-Chekhov,V/Warsaw (02) 1990/1/
2-1/2 (43)}) (6... e5 7. c3 (7. a4 Be7 8. Na3 Nf6 9. Nc4 O-O 10. d3 b5 11. axb5
axb5 12. Rxa8 Qxa8 13. Nb6 Qb7 14. Nxd7 Qxd7 15. c3 b4 16. d4 bxc3 17. bxc3
cxd4 18. cxd4 Nxd4 19. Nxd4 exd4 20. Qxd4 Rc8 21. Bb2 Qb7 {Conquest,S-Gomez,LA/
Capelle la Grande op (4) 1991/1-0 (51)}) 7... Bg4 (7... Nf6 8. d4 cxd4 9. cxd4
Bg4 10. d5 Nd4 11. Be3 Nxf3+ 12. gxf3 Bh5 13. Kh1 Be7 14. Nd2 Qd7 15. a4 O-O
16. a5 h6 17. Qa4 Qxa4 18. Rxa4 Rac8 19. Kg2 Nd7 20. Rb4 Rc7 21. Rc4 Rxc4 22.
Nxc4 {Chachalev,J-Shtyrenkov,V/Volgograd (12) 1994/1/2-1/2 (34)}) 8. h3 Bh5 9.
d3 Be7 10. Nbd2 Qd7 (10... Nf6 11. g4 Bg6 12. Nc4 Nd7 13. Ne3 h5 14. Nf5 hxg4
15. hxg4 Bxf5 16. exf5 Nf6 17. g5 Nh7 18. g6 fxg6 19. fxg6 Nf8 20. Qb3 Qd7 21.
Qf7+ {Kuczynski,R-Lanc,A/Dresden 1988/0-1 (40)}) 11. Nc4 Bxf3 12. Qxf3 Qc7 13.
Ne3 Bd8 14. Qg3 g6 15. Nd5 Qd7 16. Be2 Nf6 17. Nxf6+ Bxf6 18. Bg4 Qe7 19. Bh6
Bh4 20. Qe3 f6 21. Bd1 Bg5 22. Bxg5 fxg5 23. Bb3 Kf8 24. Bd5 Rc8 25. Bxc6 Rxc6
{Scherer,H-Dziuban,O/Biel op 1992/1/2-1/2 (44)}) (6... e6 7. c3 g5 $6 8. d4 g4
9. Nfd2 cxd4 10. cxd4 Nxd4 11. Nc4 e5 12. Be3 b5 13. Nxd6+ $1 Bxd6 14. Bxd4
exd4 15. Qxd4 Qc7 16. Qxh8 Bxh2+ 17. Kh1 Qe5 18. Qxh7 $1 (18. Qxg8+ $2 Ke7 19.
Qxa8 Qh5 $19) (18. Qxe5+ Bxe5 19. Nc3 Rc8 $2 (19... g3 $142 $1) 20. g3 $1 (20.
Rac1 g3 $44) 20... Bxc3 21. bxc3 Rxc3 22. a3 Nf6 23. Bg2 Ke7 {Tisdall,
J-Kristensen,B/Gausdal MI9394 (6) 1993/1-0 (69)}) 18... Nh6 19. Qxh6 Ke7 20.
Qh4+ Ke6 21. Qxg4+ Ke7 22. Qh4+ Ke6 23. g3 Rh8 24. Bh3+ Kd6 25. Rd1+ $18) 7. c3
Bg7 (7... Bg4 8. d3 Bxf3 (8... Bg7 9. Be3 e5 10. Nbd2 Nf6 11. a4 O-O 12. h3
Bxf3 13. Nxf3 h6 14. Qd2 Kh7 15. b4 cxb4 16. cxb4 d5 17. Bc5 Re8 18. b5 axb5
19. axb5 Rxa1 20. Rxa1 Nd4 21. Nxd4 exd4 22. Bxd4 dxe4 23. Qb2 exd3 {
Christensen,Bo Garner-Ziska,Bogi/Kandidat DM-92 (05) 1992/1/2-1/2 (43)}) 9.
Qxf3 Bg7 10. Be3 (10. Nd2 Nf6 11. Nc4 Nd7 12. Bg5 O-O 13. Qh3 b5 14. Ne3 Rb8
15. a3 a5 16. Nd5 Re8 17. Qh4 f6 18. Bh6 e6 19. Bxg7 Kxg7 20. Ne3 Kh8 21. Qg3 {
1/2-1/2 Bisguier,A-Browne,W/Lone Pine (02) 1978}) 10... Rc8 11. Qd1 Nf6 12. Nd2
O-O 13. a3 e5 14. b4 cxb4 15. axb4 d5 16. Nb3 Re8 17. Bd2 Bf8 18. Na5 Rc7 19.
Nxc6 Rxc6 20. Ra2 b5 21. Qa1 Qc8 22. g3 dxe4 23. dxe4 Rd8 24. Bg5 Be7 {Gelfand,
B-Karpov,A/Cap d'Agde m(06)10' 1994/1-0 (72)}) 8. h3 {/\d2-d4} (8. d4 $6 cxd4
9. cxd4 Bg4 (9... Bg4 {קd4}) 10. d5 Ne5 11. Qb3 Bxf3 12. gxf3 Qc7 13. Bg5 Nf6
14. Nd2 O-O 15. f4 Ned7 16. Rac1 Qb8 17. Bh3 Nc5 18. Qf3 Kh8 19. Nc4 e6 20. Nb6
exd5 21. exd5 a5 22. Nxa8 Qxa8 23. f5 b5 24. Bg2 {Wahls,M-Gelfand,B/AUS-WchJ 
(3) 1988/1/2-1/2 (48)}) 8... e5 (8... Nf6 9. d4 cxd4 10. cxd4 e5 11. Bg5 (11.
d5 Ne7 12. a4 O-O 13. Nfd2 Nh5 14. Nc4 b5 15. axb5 axb5 16. Rxa8 Qxa8 17. Nb6
Qb7 18. Nxd7 Qxd7 19. Qb3 Rb8 20. Qb4 f5 21. Nc3 Nf6 22. f3 f4 23. Nxb5 Ne8 24.
Bd2 Qb7 25. Bd3 Nc7 26. Qxd6 Nxb5 27. Bxb5 {Riemersma,L-Kharlov,A/Leeuwarden
op 1993/1/2-1/2 (61)}) 11... exd4 12. Nxd4 O-O 13. Nc3 Re8 14. Nc2 Be6 15. Ne3
Qa5 16. Bh4 Rac8 17. a3 Qb6 18. Re2 Bb3 19. Qb1 Na5 20. Rd2 Be6 21. Qd1 Rc6 22.
Rb1 Nb3 23. Bxf6 Nxd2 24. Ncd5 Qb3 25. Qxd2 Bxd5 26. Nxd5 Rc2 27. Qd4 Bh6 28.
Be7 Rd2 29. Qf6 Bg7 30. Qg5 h6 {1-0 Engedal,N-Thorsson,O/Gausdal International
(7) 1992}) (8... Qb6 9. Na3 Nf6 10. d4 cxd4 11. cxd4 d5 12. exd5 Nxd5 13. Nc4
Qc7 14. Ne3 Qd6 15. Nc4 Qc7 16. Ne3 Qb6 {1/2-1/2 Williams,A-Miles,A/BCF-ch (05)
1973}) 9. Na3 (9. a3 Nge7 10. b4 O-O 11. d3 cxb4 12. axb4 d5 13. Nbd2 d4 14.
Bb2 dxc3 15. Bxc3 Nd4 16. Nc4 Nxf3+ 17. Qxf3 Nc6 18. Qe2 Be6 $10 {= Sorokin,
M-Nenashev,A/Moskva (open) 56/(203) 1992}) 9... Nge7 10. Nc4 (10. Nc2 O-O 11.
d4 Qc7 12. dxc5 dxc5 13. Ne3 Rad8 14. Qc2 h6 15. Bd2 Be6 16. Bc4 Bxc4 17. Nxc4
b5 18. Ne3 f5 19. Rad1 f4 20. Nd5 Nxd5 21. exd5 Rxd5 22. Qxg6 Rfd8 23. Re2 Qd6
24. Qe4 c4 {Howell,James-Gelfand,Boris/Oakham 1988/1-0 (45)}) 10... Be6 11. Ng5
O-O $2 (11... Bc8 $1 $132 {/\b7-b5,/\h7-h6} 12. Qb3 $6 (12. a4 h6 13. Nf3 Be6)
12... O-O 13. Nb6 $2 Na5 $19) 12. Nxe6 fxe6 13. d3 d5 14. Nd2 $16 {קe6, פe7}
Qd6 15. g3 Rad8 16. Bg2 $6 (16. h4 {/\Bh3}) 16... d4 17. c4 (17. Nc4 Qc7 {
/\b7-b5}) 17... Bh6 $14 {/\18. - Nb4 19.Nf1 Bxc1 20.Rxc1 Nxa2} 18. a3 {><b4}
Rb8 19. h4 {/\Bh3, קe6} Kg7 20. Bh3 Rf6 21. Re2 Nc8 {/\Qc7,Nd6} 22. b3 Qc7 23.
Kg2 (23. Bb2 $5 {/\Nd2-f1-h2-g4, ץh6}) 23... Nd6 24. Ra2 b5 25. Rc2 bxc4 26.
bxc4 (26. Nxc4 $6 Rxb3 (26... Bxc1 27. Rxc1 (27. Qxc1 Nb5 $1 $132 {><c3} (27...
Rxb3 28. Nxd6 Qxd6 29. Rxc5 Nd8 $13)) 27... Nb5 $132 (27... Nxc4 28. Rxc4 Na5
29. Ra4 Nxb3 30. Rb2 Qb6 $8 31. Qc2 {/\Bg4-d1} h5 $13)) 27. Bxh6+ Kxh6 28. Nxd6
Qxd6 29. Qc1+ (29. Rxc5 $16) 29... Kg7 30. Rxc5 Nd8 $13) 26... Qa5 $10 27. Nf3
Bxc1 28. Rxc1 Nf7 {><g5} (28... Qxa3 29. Ra1 $16) 29. Rb1 Rxb1 30. Qxb1 Qxa3
31. Ra2 Qb4 32. Rb2 Qa3 33. Rb6 Qa4 $6 (33... Nb4 34. Ng5 Nxd3 35. Nxe6+ Kh6
36. Rb3 Rxf2+ 37. Kg1 Rb2 (37... Qc1+ 38. Qxc1+ Nxc1 39. Rb7 Rf6 $17) 38. Rxb2
Nxb2 39. Qc1+ $18) 34. Rb7 {/\Ng5} h6 35. Nh2 $1 $16 {צf6} h5 36. Nf3 Ncd8 37.
Ra7 {/\Nxe5} Qa5 38. Nxe5 Qd2 39. Qf1 $18 {/\Nd7} Qa5 40. Nd7 Nc6 41. Ra8 Qa3
42. Qe2 Nce5 43. Nxf6 Kxf6 44. Re8 Nxd3 45. e5+ Kg7 46. Bxe6 Ndxe5 47. Bxf7
Nxf7 48. Re7 1-0

[Event "Donetzk zt"]
[Site "Donetsk"]
[Date "1998.11.09"]
[Round "7"]
[White "Miroshnichenko, Evgenij"]
[Black "Ovsejevitsch, Sergei"]
[Result "1-0"]
[WhiteElo "2440"]
[BlackElo "2500"]
[Annotator "Har Zvi,R"]
[PlyCount "89"]
[EventDate "1998.11.02"]
[EventType "swiss"]
[EventRounds "11"]
[EventCountry "UKR"]
[SourceTitle "CBM 068"]
[Source "ChessBase"]
[SourceDate "1999.02.01"]
[SourceVersion "1"]
[SourceVersionDate "1999.02.01"]
[SourceQuality "1"]

1. e4 c5 2. Nf3 d6 3. Bb5+ Nc6 4. O-O Bd7 5. c3 Nf6 6. Re1 a6 7. Bxc6 Bxc6 8.
d4 cxd4 9. cxd4 Bxe4 10. Nc3 (10. Bg5 $6 Bxf3 11. Qxf3 Qa5 12. Nc3 (12. Bd2 Qd5
$5 (12... Qb6 $5)) 12... Qxg5 13. Qxb7 Rd8 14. Qc6+ Rd7 15. d5 e6 16. dxe6 fxe6
17. Rxe6+ Be7 18. Rae1 O-O 19. h4 Qxh4 20. g3 Qh3 21. Rxe7 Ng4 22. Qd5+ Kh8 23.
Qh1 Qxh1+ 24. Kxh1 Nxf2+ 25. Kg2 Rxe7 26. Rxe7 h6 27. Rd7 Ng4 28. Rxd6 Ne3+ 29.
Kh3 Rf1 30. Rd2 g5 31. Kh2 Ng4+ {1/2-1/2 Borisenko,A-Shabanov,Y/RUS-sf 1995/
EXP 49}) 10... Bxf3 11. Qxf3 e6 12. Qxb7 Qc8 13. Qf3 (13. Qb3 Be7 14. d5 e5 15.
Bg5 (15. Na4 $5 Rb8 16. Nb6 Qg4 17. f3 Qh4 18. Be3 O-O 19. Bf2 Qg5 20. a4 a5 $1
21. Qd3 e4 22. fxe4 Ng4 $44 {~/= Shabanov,Y-Stripunsky,A/Karvina 1993/Inf 60})
15... O-O 16. Ne4 Rb8 (16... Nxe4 17. Bxe7 Re8 18. Rxe4 Rxe7 19. Rc4 Qb7 20.
Rb4 $14 {/\ Rb6-c6}) 17. Qa3 Nxd5 18. Bxe7 Nxe7 19. Nxd6 Qe6 20. f4 f6 21. Rad1
Nf5 $1 22. fxe5 (22. Qh3 Nd4 $8 23. Qxe6+ Nxe6 24. fxe5 Rxb2 25. exf6 Rxf6 $11
{Bronznik,V; Stripunsky,A}) 22... fxe5 23. b3 Rbd8 24. Nxf5 Rxd1 25. Rxd1 Qb6+
$1 26. Kh1 Rxf5 $11 {= Zaitsev,I-Stripunsky,A/Bucuresti 1994/Inf 60} (26...
Rxf5 27. Qc1 h6 28. Qc8+ Rf8 29. Qc4+ Kh8 30. h3 Qg6 31. Qc5 Re8 32. Re1 e4 33.
Re3 Qf6 34. Qc1 Qd4 35. Qc3 Qxc3 {1/2-1/2 Zaitsev,I-Stripunsky,A/Ciocaltea mem
1994/CBM 40})) 13... Be7 14. Bg5 (14. Qg3 O-O 15. Bh6 Ne8 16. Nd5 Bd8 $1 (16...
Qd8 $6 17. Nxe7+ Qxe7 18. Bf4 $16) 17. Rac1 $140 Qb7 18. Nf4 Kh8) 14... O-O 15.
d5 e5 16. Rac1 $5 {a new more according to my data,and a very interesting and
important move since after 16.Ne4 which have already been played white indeed
gets a small initiative but not enough and black can draw quite easily this is
more serious} (16. Ne4 Nxd5 (16... Nxe4 17. Bxe7 Re8 18. Qxe4 Rxe7 19. Rec1 Qb7
(19... Rc7 20. Rc6 $16) 20. b3 Rc8 21. Rc6 $16) 17. Nxd6 (17. Bxe7 Nxe7 18.
Nxd6 Qe6 $11) 17... Qe6 $5 (17... Bxd6 18. Qxd5 Qb8 19. Rad1 Bc7 20. b3 $14)
18. Rad1 $1 Qxd6 19. Bxe7 (19. Rxd5 Qb4 20. Re4 Qb7 $1 21. Rdxe5 Bxg5 22. Rxg5
Qxb2) 19... Qxe7 20. Rxd5 (20. Qxd5 Rad8 21. Qc6 Rxd1 22. Rxd1 Qb4 23. b3 a5
$11) 20... f6 $1 (20... Qb4 $2 21. Rdxe5 Qxb2 $140 $4 22. Qxa8 $18) 21. Red1
Rad8 22. b4 $1 {/\ Qb3, a4, b5} Rxd5 $1 23. Qxd5+ Qf7 $11 {1/2-1/2 Smirin,
I-Alterman,B/Struga (zt) 1995/Inf 63/[Alterman,B] (30)}) 16... Qb8 {[%cal
Gf6d5] threatening Nxd5 and Qxb2 so white's reply is quite force} 17. Bxf6 Bxf6
18. Ne4 Be7 19. g4 $5 {a very interesting positional sacrifise although I am
not sure if a necessary one,19.b3 seems possible,and not too bad} (19. b3 $5
Qb4 $5 {[%cal Ga8c8]} (19... f5 20. Ng3 g6 21. Rc6 {[%cal Ge1c1,Gf3d3]}) 20.
Qc3 Qxc3 21. Rxc3 {[%csl Ra6,Rd6][%cal Gc3c7,Gc3c6]}) 19... Qxb2 20. Rc7 Bd8 (
20... Rfe8 $4 21. Nxd6) (20... Rae8 $5) 21. Rd7 Qxa2 22. Nxd6 Bb6 {[%csl Rf7]}
(22... Bf6 $5 23. Ne4 Bh4) 23. Re2 (23. Rxf7 $2 Bc5 $1 $19) 23... Qa1+ 24. Kg2
Ra7 (24... f6 $6 {[%csl Rg8]} 25. Nf5 $1 (25. Qf5 Qd1 26. Rxe5 fxe5 27. Rxg7+
Kxg7 28. Qg5+ Kh8 29. Qxe5+ Kg8 30. Qg5+ $11) 25... Ra7 26. Rxa7 Bxa7 27. d6 {
[%csl Rg8][%cal Ge2c2,Gc2c7]}) 25. Rxa7 Bxa7 26. Rc2 {[%cal Gc2c8]} Qd4 $6 (
26... Bb8 $5) 27. Nf5 Qb4 28. d6 $44 {[%csl Rg8][%cal Gd6d8,Gc2c7,Ga7h7]} g6
29. Ne7+ (29. Nh6+ $1 Kg7 (29... Kh8 30. Qf6#) 30. g5 {[%cal Gf3f6]} Qf4 31.
Qxf4 exf4 32. Kf3 $16 (32. Rc7 Bb8)) 29... Kg7 30. Rc6 $6 {this is a very
strange move,it seems that after Nc6 black would have been in a serious
trouble because of his veyr bad King} (30. Nc6 $1 {[%csl Ra7,Rb4,Rg7]} Qb1 (
30... Qb7 31. g5 $1 $16 {[%csl Rg7][%cal Rf3f6]} h5 32. gxh6+ Kxh6 33. Nxe5 $16
) 31. g5 {[%cal Gf3f6,Gc6e7]} f6 32. d7 $16) 30... Qd2 {[%cal Ge5e4]} 31. d7 {
[%cal Gf3f6]} (31. Rxa6 e4 $132) 31... Qg5 32. Nd5 Rd8 33. Nf6 h5 (33... Qh4 $5
34. Rxa6 Bd4 35. Rd6 $16) 34. Rc8 Bb6 $2 {this is a critical mistake,black had
to take on g4 when it seems as a draw,now bu force his position is very
difficult} (34... hxg4 35. Ne8+ Kf8 36. Qa8 Qf4 37. Qxa7 Qf3+ 38. Kg1 Qd1+ 39.
Kg2 Qf3+ $11) 35. Ne8+ Kh6 (35... Kf8 36. Nd6 Qe7 (36... Ke7 37. Rc6 Qxg4+ 38.
Qxg4 hxg4 39. Rxb6 Rxd7 40. Nc4 $16) 37. Nc4 $18) (35... Kh8 36. Nd6 $18) 36.
Rxd8 (36. Nd6 Rxd7 37. Nxf7+ Rxf7 38. Rh8+ (38. Qxf7 $4 Qxg4+ 39. Kf1 Qxc8)
38... Kg7 39. Rh7+ Kxh7 40. Qxf7+ $11) 36... Bxd8 37. Nd6 $16 Qe7 38. Qd5 $6 {
why I do not understand,Nxf7 maybe not winning immediately by certainly looks
as a winning position,now also difficult position for black but I prefer
simple play} (38. Nxf7+ Kg7 39. Nxd8 Qxd8 40. Qd5 $16 {/+-}) 38... Kg7 39. h3 (
39. gxh5 Qxd7) 39... hxg4 40. hxg4 a5 41. Nb7 f5 $1 (41... Kg8 42. Nxd8 Qxd8
43. Qc6 {[%cal Gc6c8]} Kf8 44. Qc5+ {[%cal Gc5c8]}) (41... f6 42. Nc5 $1 (42.
Nxd8 Qxd8 43. Qe6 Kf8 $11) 42... Kh7 43. Ne6 $16) 42. Kf1 (42. gxf5 Qg5+ 43.
Kf1 Qc1+ 44. Ke2 Qc2+ $11) (42. Nxd8 Qxd8 43. Qxe5+ Kf7 $11) 42... a4 (42...
fxg4 43. Qc6 g3) 43. Nxd8 Qxd8 44. Qe6 Kf8 45. g5 1-0

[Event "EU-Cup 13th Group6"]
[Site "Heraklion"]
[Date "1997.10.11"]
[Round "2"]
[White "Wells, Peter K"]
[Black "Porfiriadis, Sotirios"]
[Result "1-0"]
[WhiteElo "2530"]
[BlackElo "2340"]
[Annotator "Har Zvi,R"]
[PlyCount "61"]
[EventDate "1997.10.10"]
[EventType "team-k.o."]
[EventRounds "3"]
[EventCountry "GRE"]
[SourceTitle "EXT 2020"]
[Source "ChessBase"]
[SourceDate "2019.10.17"]
[SourceVersion "1"]
[SourceVersionDate "2019.10.17"]
[SourceQuality "1"]
[WhiteTeam "Budapest Honved Mediflora"]
[BlackTeam "Heraklion"]
[WhiteTeamCountry "HUN"]
[BlackTeamCountry "GRE"]

1. e4 c5 2. Nf3 Nc6 3. Bb5 d6 4. O-O Bd7 5. Re1 a6 6. Bf1 Bg4 (6... g6 7. c3
Bg7 (7... Bg4 8. d3 Bxf3 9. Qxf3 Bg7 10. Be3 Rc8 11. Qd1 Nf6 12. Nd2 O-O 13. a3
e5 14. b4 cxb4 15. axb4 d5 16. Nb3 Re8 17. Bd2 Bf8 18. Na5 $14 {Gelfand,
B-Karpov,An/Cap d'Agde m 10'1994 Har Zvi,R: 'Gelfand,B-Karpov,An/Cap d'Agde m
10'1994'}) 8. h3 e5 9. Na3 Nge7 10. Nc4 Be6 11. Ng5 O-O $2 (11... Bc8 $1 $13)
12. Nxe6 fxe6 13. d3 d5 14. Nd2 $16 {Har Zvi,R: 'Arkhipov,S-Tiviakov,S/RUS-ch
Elista 1995;CBM 44 [Hansen,Cu]'}) (6... e5) (6... e6) 7. d3 g6 $6 {this gives
white the chance to recapture on "f3" with the knight after Nbd2 and not with
the queen which is placed quite badly on "f3" that's why black should take now
on f3 before white playes Nbd2} (7... Bxf3 8. Qxf3 g6) 8. Nbd2 Bg7 9. h3 Bxf3 (
9... Bc8 $5 {this seems better than Bxf3 which simply gives white a slight
advantage} 10. c3 e5 {[%cal Gg8e7]}) 10. Nxf3 Nf6 11. c3 O-O 12. d4 $14 {
white should be very satisfied with his position,he has the two bishops
advantage,and has control over the center,what more do you need?} e5 $6 (12...
Nd7) 13. dxe5 dxe5 14. Qc2 $14 {[%csl Rc4,Rd5] /+/-} Qe7 (14... b5 15. a4 c4
16. axb5 axb5 17. Rxa8 Qxa8 18. b3 {[%csl Rb5,Rc4]}) 15. Be3 Rfd8 16. Nd2 Rac8
{[%cal Gh7h5,Yg8h7,Yg7h6] black must havesome plan in this position,as we will
see he just simply moved the pieces,a reasonable plan would have been h5
followed by Kh7 and Bh6,exchanging the dark colored bishop is for sure in
black's favour} 17. Qb1 Nd7 18. Rd1 Nb6 19. a4 $1 {[%cal Ga4a5]} Na8 (19... Nd7
) 20. Nb3 Rxd1 21. Qxd1 $16 Nb8 22. Qg4 Rc7 (22... Nb6 23. a5 N6d7 24. Bc4) 23.
Rd1 (23. a5 $5) 23... h5 (23... c4 24. Nd2 b5 25. axb5 axb5 26. Ra1 {[%csl Ra8]
}) 24. Qf3 {white's position is about winning,he has almost all possible
advantages one can ask,better pieces,structure,no weaknesses...} Nd7 25. a5 {
[%csl Rb7]} Rc6 26. Bc4 Nf6 (26... Bf6 27. Bd5 Rc7 28. Nd2 $16 {[%cal Gd2c4] /
+-}) 27. g4 $1 {[%csl Rf7] the target now is the "f7" pawn,this move io not
weakening but simply taking another space on the board,now on the King's side}
(27. Bxc5 Rxc5 28. Nxc5 Qxc5 29. Rd8+ Kh7 30. Bxf7 Qc7 (30... Nc7 31. Qg3) 31.
Bxg6+ Kxg6 32. Rxa8 Qxa5 {and the game is not over yet}) 27... hxg4 28. hxg4
Nc7 29. g5 Nfe8 (29... Nh7 30. Qg4 $1 {[%cal Gd1d7]} Nf8 (30... Ne6 31. Bxe6
fxe6 32. Nxc5 Rxc5 33. Bxc5 Qxc5 34. Qxe6+ Kh8 35. Rd8+ Nf8 36. Qf7 $18) 31.
Bd5 $1 Nxd5 32. exd5 $18) 30. Nxc5 Rxc5 31. Bxc5 {1-0 (31) Wells,P (2530)
-Porfiriadis,S (2340) Heraklio 1997 CBM 062 [Har Zvi,R]} 1-0

[Event "EU-chT (Men) 11th"]
[Site "Pula"]
[Date "1997.05.??"]
[Round "3.2"]
[White "Yudasin, Leonid"]
[Black "Kozul, Zdenko"]
[Result "0-1"]
[WhiteElo "2600"]
[BlackElo "2590"]
[Annotator "Har Zvi,R"]
[PlyCount "74"]
[EventDate "1997.05.05"]
[EventType "team-swiss"]
[EventRounds "9"]
[EventCountry "CRO"]
[SourceTitle "CBM 057 Extra"]
[Source "ChessBase"]
[SourceDate "1997.05.01"]
[SourceVersion "1"]
[SourceVersionDate "1997.05.01"]
[SourceQuality "1"]
[WhiteTeam "Israel"]
[BlackTeam "Croatia"]
[WhiteTeamCountry "ISR"]
[BlackTeamCountry "CRO"]

1. e4 c5 2. Nf3 d6 3. Bb5+ Nd7 4. d4 Ngf6 5. Nc3 cxd4 6. Qxd4 e5 7. Qd3 h6 8.
Be3 (8. Nd2 Be7 9. Nc4 O-O 10. Bxd7 Bxd7 11. Nxd6 Qc7 12. Nf5 Bxf5 13. exf5 e4
(13... Rfd8) 14. Nxe4 (14. Qh3 $2 Qc4 $17) (14. Qe2 {20/444}) 14... Qe5 15. f3
Rad8 16. Qc3 (16. Qe2 Nxe4 17. Qxe4 (17. fxe4 Bb4+ 18. Kf2 Rd4 19. Kf3 Re8 20.
Bf4 Qe7 21. e5 Rxf4+ 22. Kxf4 Qg5+ 23. Kf3 (23. Ke4 Rxe5+ 24. Kxe5 Qe7+) 23...
Qxf5+ 24. Kg3 Rxe5) 17... Bh4+ $1 18. g3 (18. Ke2 $2 Rfe8 $19) 18... Bxg3+ 19.
Kf1 Bxh2 $17) 16... Qxf5 17. O-O Nxe4 18. fxe4 Qxe4 $15 {[%csl Rg1][%cal Ra2h2]
Yudasin,L-Kasparov,G Ljubljana 1995 65/194 [Kasparov,G]}) 8... Be7 9. Bc4 (9.
O-O O-O 10. Bc4 Nb6 11. Bb3 Be6 12. Rfe1 (12. Nh4 Qd7 (12... Rc8 13. Ng6 Re8
14. Rfd1 (14. Nxe7+ Rxe7 15. Rad1 Rd7 16. Nd5 $14 {Shaked,T-Ashley,M Mermaid
Beach Club 1997}) 14... Nc4 15. Bxc4 Rxc4 16. Nxe7+ Rxe7 17. Qxd6 Qxd6 18. Rxd6
Nxe4 19. Nxe4 Rxe4 20. b3 $11 {/+/= Chandelr,M-Mestel,A Brighton zt 1984}) 13.
Bxe6 fxe6 14. Nb5 Nc8 15. Ng6 Rd8 16. c4 $14 {Kupreichik,V-Polugaevsky,L
URS-ch44 Moscow 1976}) 12... Rc8 13. Nd2 Ng4 14. Bxb6 Qxb6 15. Re2 $14 {
Yudasin,L-Avrukh,B Beer-Sheva 1996 66/(164)}) 9... a6 (9... O-O 10. O-O-O a6
11. Bb3 b5 12. Nd5 Nxd5 13. Bxd5 Rb8 14. Ba7 Rb7 15. Bxb7 Bxb7 16. Nd2 Nf6 17.
f3 d5 $44 {Morovic Fernandez,I-Topalov,V Las Palmas 1994 60/199 [Topalov,V]})
10. a4 Qa5 11. O-O Nc5 12. Bxc5 Qxc5 13. Nd5 Nxd5 (13... Be6 14. Nxf6+ (14. b4
Qc8 15. Nxe7 Kxe7 $1 $13 (15... Qxc4 16. Nf5)) 14... Bxf6 15. Bxe6 fxe6 16. Qb3
{[%csl Rb7,Re6]} Qc8 $8 17. Rad1 Ke7 18. Nd2 $1 $14 {[%csl Rb6,Rd6][%cal Gd2c4]
}) 14. Bxd5 O-O 15. Ra3 Rb8 $1 16. Rd1 $6 (16. Rc3 $5 Qa5 17. Qc4 $5 $14 {
[%csl Rf7][%cal Gc4c7] this might be a serious improvement over the game for
white,since in the game black played Kh8 and f5 and Kh8 is not possible
because of Qc7 immediately winning the f7 pawn!}) 16... Kh8 {[%cal Gf7f5]} 17.
Rc3 Qa5 18. Qc4 {too late} f5 19. b4 $2 (19. Qc7 Qxc7 20. Rxc7 Bd8 21. Rc3 Bd7
$5 22. Bb3 Ba5 23. Rcd3 fxe4 24. Rxd6 (24. Nxe5 $2 dxe5 25. Rxd7 Bb6 {[%csl
Rf2]}) 24... exf3 25. Rxd7 fxg2 26. Kxg2 $11 {/+/=}) 19... Qxa4 20. Qc7 Bd7 $8
21. Bb3 (21. Bxb7 fxe4 22. Bxe4 Rbc8 $1 $19 (22... Rfc8 $6 23. Qa7 {[%csl Rb8]}
)) 21... Qb5 {[%tqu "En","white has probably his last chance right now,try to
find and try to see what's going on","","","d1d6","",10]} 22. Bc4 (22. Rd5 Qxb4
23. Rc4 Qa3 $17) (22. Rxd6 $1 Bxd6 23. Qxd6 Rfd8 (23... fxe4 $5 {maybe this is
the best line for black,not trying for more than a draw since he my get less!}
24. Nxe5 Qe2 25. Qxf8+ $1 Rxf8 26. Ng6+ Kh7 27. Nxf8+ Kh8 28. Ng6+ $11) 24. h4
$3 {the king must have some "air"} Bc6 25. Qg6 (25. Qxe5 fxe4 26. Qxb5 Bxb5 27.
Ne5 Rd1+ 28. Kh2 Rd2 $17) 25... Be8 $8 {only move since white was threatening
Ng5} 26. Qxf5 Qxb4 27. Rc7 $1 $40 {and who do you prefer....I white and I
think you should too}) 22... Qxb4 {Yudasin which takes pawns all the times
decides this time to give a lot,probably this will happen next time in a few
years!!} 23. Rb3 (23. Rcd3 fxe4 24. Nxe5 dxe5 25. Rxd7 Rbc8 $19) 23... Qa4 24.
Rxb7 (24. Nxe5 dxe5 25. Rxd7 Rfc8 $1 26. Rxb7 Rxc7 27. Rxb8+ Kh7 28. Rxc7 Qa1+
$1 29. Bf1 Bd6 $19) 24... Rxb7 25. Qxb7 Qxc2 26. Re1 (26. Ra1) 26... Qxc4 27.
Qxd7 Bf6 (27... Rf7) 28. Qxf5 a5 $17 {/-+} 29. Qd7 Qb4 30. h3 Rd8 31. Qc7 a4
32. Ra1 (32. Rd1 Qxe4 $1 33. Rxd6 Rxd6 34. Qxd6 Qb1+ 35. Kh2 e4 $19) 32... Qxe4
$19 33. Qb6 Qd5 34. Nh2 e4 35. Ng4 Bg5 (35... Bxa1) 36. Rb1 a3 37. Qa6 a2 0-1